00471nam a22001577a 45000050016000000100015000160200010000310350013000410370013000540820010000671000024000772450072001012600066001732700053002393000021002922010081804254.0 aENG-100846 c40.00 aEN-84379 bDBAD/PUB a181.4 aTirtha, Bhoomananda aMovement on restoration of National values /cby Bhoomananda Tirtha aNew DelhibFoundation for restoration of National Valuec2008 aM-75, Greater Kailash, Part 1bNew Delhie110048 ax,66p.c21 (pbk)